| 000 | 00505nam a2200193Ia 4500 | ||
|---|---|---|---|
| 003 | GCL | ||
| 008 | 140319s9999 xx 000 0 eng d | ||
| 040 |
_aGCL / _cGCL |
||
| 082 | 0 | 4 |
_a338.5 _bK L |
| 100 | 1 | _aSALMON, MARK | |
| 245 | 1 | 0 |
_aLEARNING AND RATIONALILY IN ECONOMICS / _cSALMON, MARK |
| 700 | 1 | _aKIRMAN, ALAN | |
| 260 |
_a[S.N] : _bBasil Block Well Ltd ، _c1995 |
||
| 300 | _a394 P | ||
| 650 | 0 | 4 | _aMICRO ECONOMICS |
| 650 | 0 | 4 | _aDECISION - MAKING |
| 650 | 0 | 4 | _aRATIONALITY |
| 942 |
_2ddc _cBK |
||
| 999 |
_c20792 _d20792 |
||